MARC

LEADER 00000nam0a2200000 4500
001 304274
005 20231102001702.0
035 |a (RuTPU)RU\TPU\book\329509 
090 |a 304274 
100 |a 20150911d1983 km y0rusy50 ca 
101 0 |a rus 
102 |a RU 
105 |a a z 001zy 
200 1 |a Использование сточных вод для термоинтенсификации добычи нефти  |f М. А. Бернштейн, В. Д. Юсуфова 
210 |a Москва  |c Недра  |d 1983 
215 |a 134 с.  |c ил. 
320 |a Библиогр.: с. 129-131 
606 1 |a Нефтяные пласты  |x Заводнение  |2 stltpush  |3 (RuTPU)RU\TPU\subj\45986  |9 65174 
610 1 |a сточные воды 
610 1 |a использование 
610 1 |a интенсификация 
610 1 |a нефтяные месторождения 
610 1 |a высоковязкая нефть 
610 1 |a теплофизические свойства 
610 1 |a опреснение 
610 1 |a нефтяные промыслы 
610 1 |a тепловое оборудование 
610 1 |a паровые котлы 
610 1 |a эксплуатация 
675 |a 622.276.6  |v 4 
700 1 |a Бернштейн  |b М. А.  |g Михаил Александрович 
701 1 |a Юсуфова  |b В. Д.  |g Валида Джавадовна 
801 1 |a RU  |b 63413507  |c 20150911 
801 2 |a RU  |b 63413507  |c 20160725  |g RCR 
942 |c BK